000 00514nam a2200157 a 4500
008 120416s0000 ||||||||||||||||| || u
020 _a0814459781
050 _aHF 5549 Eve
100 _aEvered, James F
245 1 0 _aShirt-sleeves management
250 _a2nd ed.
260 _aNew York
_bAmacon
_c1989
300 _avii, 242p. : ill.
350 _a0.00
995 _D0.00
_FCBU-MAIN LIBRARY (Kitwe)
_H1
_I18.95
_UAVAILABLE
_ZMain Library Open Access Collection
999 _c57410
_d57410